Miracle of Man : (Record no. 193994)
[ view plain ]
| 000 -LEADER | |
|---|---|
| fixed length control field | 01236 a2200169 4500 |
| 003 - CONTROL NUMBER IDENTIFIER | |
| control field | NUST |
| 005 - DATE AND TIME OF LATEST TRANSACTION | |
| control field | 20230126183427.0 |
| 040 ## - CATALOGING SOURCE | |
| Transcribing agency | Nust |
| 082 ## - DEWEY DECIMAL CLASSIFICATION NUMBER | |
| Classification number | 900,WHE |
| 100 ## - MAIN ENTRY--PERSONAL NAME | |
| Personal name | Wheeler, Harold |
| 9 (RLIN) | 106140 |
| 245 ## - TITLE STATEMENT | |
| Title | Miracle of Man : |
| Remainder of title | A survey of Humanitys UPWARD March Through The Ages / |
| Statement of responsibility, etc. | Harold Wheeler |
| 260 ## - PUBLICATION, DISTRIBUTION, ETC. | |
| Place of publication, distribution, etc. | london |
| Name of publisher, distributor, etc. | Odhams |
| 300 ## - PHYSICAL DESCRIPTION | |
| Extent | 320 p; |
| 505 ## - FORMATTED CONTENTS NOTE | |
| Formatted contents note | In the Beginning (Page-5), Earth’s Birthday Book (Page-23), The Coming of Man (Page-32),Gods and Demons (Page-58), The Dawn of Civilization (Page-75), Wonders of the Oldest City (Page-90), Empires and Conquerors (Page-95), Crete and Phenicia (Page-100), Triumphs and Tragedies of Greece (Page-106),Thinkers Plough Lonely Furrows (Page-126), Makers and Breakers of Rome (Page-139), Humanity on the March (Page-151), Life in the Middle Ages (Page-162), Anarchists of the Mind (Page-174), Unveiling the Unknown (Page-183), The Standard of Revolt (Page-200), Speeding up the World (Page-207), Sail Surrenders to Steam (Page-215), Altering the Map (Page-220), Breaking Down the Barriers (Page-245), Pioneers of Modern Thought (Page-253), Pathways of the Skies (Page-262), Man Discovers of the Skies (Page-262). |
| 650 ## - SUBJECT ADDED ENTRY--TOPICAL TERM | |
| Topical term or geographic name entry element | noval |
| 9 (RLIN) | 107828 |
| 942 ## - ADDED ENTRY ELEMENTS (KOHA) | |
| Source of classification or shelving scheme | |
| Koha item type | Book |
| Call number prefix | 900,WHE |
| Withdrawn status | Lost status | Source of classification or shelving scheme | Damaged status | Not for loan | Permanent Location | Current Location | Shelving location | Date acquired | Full call number | Barcode | Date last seen | Price effective from | Koha item type | Public note |
|---|---|---|---|---|---|---|---|---|---|---|---|---|---|---|
| Military College of Signals (MCS) | Military College of Signals (MCS) | General Stacks | 12/12/2016 | 900,WHE | MCS29547 | 12/08/2016 | 12/12/2016 | Book | Almirah No.58, Shelf No.3 |
